000 00271nam a2200109Ia 4500
008 200302s9999 xx 000 0 und d
100 _aTosi / Kobus & Associates
245 _aThe Master Architect Series
260 _bImages Publishing
260 _c2008
300 _a228 P.,
999 _c3000
_d3000